Pokémon-Les bateaux - Statistiques

Statistiques générales
  • Ce quiz a été pris 10 fois
    5 depuis la dernière actualisation
  • Le résultat moyen est 2 sur 8
Statistiques - réponses
Jeux Nom du bateau % Correct
Rouge, Bleu, Jaune,Rouge Feu, Vert Feuille, Let' Go Evoli, Let's Go Pikachu L'Océane
75%
Noire 2 et Blanche 2 Frégate Plasma
50%
Rubis, Saphir, Emeraude L'Epave
25%
Noire et Blanche L'Etoile d'Unys
25%
Rouge Feu et Vert Feuille La Flèche des Mers
0%
Or, Argent, Cristal,Heartgold, Soulsilver L'Aquaria
0%
Rubis Omega et Saphir Alpha Le Lavandia Sea
0%
Rubis, Saphir, Emeraude,Rubis Omega, Saphir Alpha Le Marina
0%
Aucun quiz correspondant
Distribution des résultats
% des personnes avec chaque résultat
Percentile par nombre de réponses
Votre historique - résultats
Vous n’avez pas pris ce quiz depuis la dernière actualisation